El incumplimiento en la concesión de servicio público / (Record no. 57561)
[ view plain ]
| 000 -LEADER | |
|---|---|
| campo de control de longitud fija | 00488nam a2200157 i 4500 |
| 001 - NÚMERO DE CONTROL | |
| campo de control | 57561 |
| 003 - IDENTIFICADOR DE NÚMERO DE CONTROL | |
| campo de control | ES-MaACL |
| 005 - FECHA Y HORA DE LA ÚLTIMA TRANSACCIÓN | |
| campo de control | 20230906163613.0 |
| 007 - CAMPO FIJO DE DESCRIPCIÓN FÍSICA--INFORMACIÓN GENERAL | |
| campo de control de longitud fija | t| |
| 008 - DATOS DE LONGITUD FIJA--INFORMACIÓN GENERAL | |
| campo de control de longitud fija | 031016s1981 sp ||||1| spa d |
| 100 1# - ENTRADA PRINCIPAL--NOMBRE DE PERSONA | |
| Nombre de persona | Domínguez-Berrueta de Juan, Miguel. |
| 9 (RLIN) | 45193 |
| 245 13 - MENCIÓN DEL TÍTULO | |
| Título | El incumplimiento en la concesión de servicio público / |
| Mención de responsabilidad, etc. | Miguel Domínguez-Berrueta de Juan. |
| 260 ## - PUBLICACIÓN, DISTRIBUCIÓN, ETC. | |
| Lugar de publicación, distribución, etc. | Madrid : |
| Nombre del editor, distribuidor, etc. | Montecorvo, |
| Fecha de publicación, distribución, etc. | 1981. |
| 300 ## - DESCRIPCIÓN FÍSICA | |
| Extensión | 502 p. ; |
| Dimensiones | 24 cm. |
| 852 ## - LOCALIZACIÓN | |
| Ubicación | ES-MaACL |
| Número de control de estantería | L-2440 |
| Sublocalización o colección | R.103023 |
| Estatus retirado | Estado de pérdida | Estado de daño | No para préstamo | Biblioteca de origen | Biblioteca actual | Ubicación en estantería | Fecha de adquisición | Fuente de adquisición | Total de préstamos | Signatura topográfica completa | Código de barras | Visto por última vez | Precio de reemplazo | Tipo de ítem Koha |
|---|---|---|---|---|---|---|---|---|---|---|---|---|---|---|
| Biblioteca del Ateneo de Madrid | Biblioteca del Ateneo de Madrid | Depósito 2 | 17/01/2008 | L-2440 | 1060428 | 23/02/2023 | 23/02/2023 | Libro impreso |
